Principaux indicateurs économiques analyse méthodologique comparative

Saved in:
Bibliographic Details
Format: Book
Language:French
Published: Paris OCDE 2002
Series:Statistiques
Subjects:
Tags: Add Tag
No Tags, Be the first to tag this record!

MARC

LEADER 00000nam a2200000 4500
001 c142841
005 20221124094746.3
020 |a 92-64-29757-X 
041 0 |a fre 
044 |a FR 
245 1 0 |a Principaux indicateurs économiques  |b analyse méthodologique comparative 
264 1 |a Paris  |b OCDE  |c 2002 
300 |a 89 s. 
490 1 |a Statistiques 
830 0 |a Statistiques 
610 2 0 |a štatistika 
610 2 0 |a svet 
610 2 0 |a OECD 
610 2 0 |a ceny 
610 2 0 |a metódy 
610 2 0 |a porovnanie cenové 
610 2 0 |a analýza komparatívna 
610 2 0 |a ukazovatele ekonomické